[Event "DVM U20 2009"]
[Site "Chemnitz GER"]
[Date "2009.12.28"]
[Round "3"]
[White "Buchholz, Daniel"]
[Black "George, Tom"]
[Result "0-1"]
[Termination "normal"]
[Board "8.4"]
[WhiteElo "1484"]
[BlackElo "1650"]
[WhiteTeam "SV 1947 Walldorf"]
[BlackTeam "SG Blau-Weiß Stadtilm"]
[PlyCount "78"]
[WhiteFideId "1270589"]
[BlackFideId "24659487"]
[EventCountry "GER"]
[EventRounds "7"]
[EventType "team-swiss"]
[EventDate "2009.12.26"]

1. c4 e5 2. g3 f5 3. Bg2 Nf6 4. d3 Bc5 5. Nf3 d6 6. Bd2 Nc6 7. a3 a5 8. Nc3 Be6
9. Ng5 Bd7 10. Nd5 h6 11. Nxf6+ Qxf6 12. Nf3 O-O 13. Bc3 Rae8 14. Rb1 Qf7 15.
Nd2 Qg6 16. e3 f4 17. Qe2 fxe3 18. fxe3 Bg4 19. Bf3 Rxf3 20. Nxf3 Qh5 21. Rf1
Rf8 22. Kd2 Bxf3 23. Rxf3 Qxf3 24. Qxf3 Rxf3 25. Re1 Rf2+ 26. Re2 Rxe2+ 27.
Kxe2 Kf7 28. h4 a4 29. Be1 h5 30. Kd2 Ne7 31. Bf2 Nf5 32. Ke2 Ke6 33. Kf3 Nh6
34. Ke4 Ng4 35. Bg1 c6 36. d4 d5+ 37. cxd5+ cxd5+ 38. Kd3 e4+ 39. Kc3 Bd6 0-1

[Event "DVM U20 2009"]
[Site "Chemnitz GER"]
[Date "2009.12.28"]
[Round "3"]
[White "Schröter, Maik"]
[Black "Meier, Matthias"]
[Result "0-1"]
[Termination "normal"]
[Board "8.5"]
[WhiteElo "1549"]
[BlackElo "1457"]
[WhiteTeam "SG Blau-Weiß Stadtilm"]
[BlackTeam "SV 1947 Walldorf"]
[PlyCount "94"]
[BlackFideId "12909467"]
[EventCountry "GER"]
[EventRounds "7"]
[EventType "team-swiss"]
[EventDate "2009.12.26"]

1. e4 d5 2. exd5 Qxd5 3. Nc3 Qa5 4. d4 c6 5. Nf3 Bf5 6. Bd3 Bxd3 7. Qxd3 Nf6 8.
O-O Nbd7 9. Ng5 h6 10. Nge4 e6 11. Bf4 O-O-O 12. a3 Nxe4 13. Nxe4 Be7 14. b4
Qb6 15. c4 Nf6 16. c5 Qb5 17. Qxb5 cxb5 18. Nd6+ Bxd6 19. Bxd6 Ne4 20. Rac1
Nxd6 21. cxd6+ Kb8 22. Rc7 Rhf8 23. Rd1 Rxd6 24. Rc5 Rfd8 25. Rxb5 Rxd4 26. Re1
Rd1 27. Kf1 Rxe1+ 28. Kxe1 b6 29. Re5 Rd3 30. Re3 Rxe3+ 31. fxe3 Kc7 32. Kd2
Kc6 33. a4 f5 34. Kd3 Kd5 35. h3 e5 36. g3 g6 37. h4 g5 38. hxg5 hxg5 39. Kc3
f4 40. exf4 exf4 41. gxf4 gxf4 42. Kd3 f3 43. a5 b5 44. Ke3 Kc4 45. Kxf3 Kxb4
46. a6 Kc3 47. Ke2 Kc2 0-1

[Event "DVM U20 2009"]
[Site "Chemnitz GER"]
[Date "2009.12.28"]
[Round "3"]
[White "Hummel, Nikolas"]
[Black "Dopmann, Markus"]
[Result "0-1"]
[Termination "normal"]
[Board "8.6"]
[WhiteElo "1426"]
[BlackElo "1481"]
[WhiteTeam "SV 1947 Walldorf"]
[BlackTeam "SG Blau-Weiß Stadtilm"]
[PlyCount "78"]
[EventCountry "GER"]
[EventRounds "7"]
[EventType "team-swiss"]
[EventDate "2009.12.26"]

1. e4 c5 2. Nf3 Nc6 3. d4 cxd4 4. Nxd4 e6 5. Be3 Nf6 6. Bd3 g6 7. Nc3 Bg7 8. h3
O-O 9. Qd2 d6 10. O-O-O a6 11. Kb1 Qc7 12. Be2 Bd7 13. g4 Rfc8 14. Bf3 Ne5 15.
Be2 b5 16. f4 Nc4 17. Bxc4 Qxc4 18. Qd3 b4 19. g5 Qxd3 20. Rxd3 bxc3 21. gxf6
Bxf6 22. Rxc3 Rxc3 23. bxc3 Rc8 24. Kb2 e5 25. fxe5 dxe5 26. Nb3 Bc6 27. h4
Bxe4 28. Rh2 Bd5 29. h5 e4 30. Bd4 Bg5 31. hxg6 fxg6 32. Re2 Re8 33. Nc5 e3 34.
Nd7 Bc4 35. Rxe3 Rxe3 36. Bxe3 Bxe3 37. a4 h5 38. Ne5 Bf7 39. c4 Bd4+ 0-1